=LDR 00000nam 2200000 4500 =001 INLIS000000000026795 =005 20130612125222 =008 ***********************************ind** =035 ##$$0010-061300000026795 =041 ##$$a ind =082 ##$$a 659.2 =090 ##$$a 659.2, SUM d =100 ##$$a Sumirat, Soleh =245 ##$$a Dasar-dasar public relation, Soleh Soemirat, Elvinaro Ardianto =260 ##$$a 2005 $b Bandung =300 ##$$a x, 209 hlm., 24 cm =650 ##$$a Hubungan Masyarakat =700 ##$$a Ardianto, Elvinaro =850 ##$$a NBPNMAT =990 ##$$a 21197020/BPAP-NTB/2014 =990 ##$$a 0001/BPAP-NTB/20142015